Statistics for "N" Antonyms

Click here to take the quiz!

General Stats

  • This quiz has been taken 121 times
  • The average score is 17 of 20

Answer Stats

WordN Antonyms% Correct
YesNo
100%
SouthNorth
100%
FarNear
99%
PositiveNegative
98%
AlwaysNever
98%
DayNight
98%
EverybodyNobody
98%
NieceNephew
97%
OldNew
97%
EverythingNothing
97%
ThenNow
96%
MessyNeat
94%
WideNarrow
92%
SilenceNoise
89%
ClothedNude
81%
StrangeNormal
72%
ForeignNative
62%
ZenithNadir
59%
PleasantNasty
56%
SensitiveNumb
34%

Score Distribution

Percentile by Number Answered

Percent of People with Each Score

Your Score History

You have not taken this quiz